Tradición jurídica y derecho subjetivo.

Guardat en:
Dades bibliogràfiques
Autor principal: Gallego, Elio-Alfonso (autor)
Format: Llibre
Publicat: Madrid, España: Dykinson, 1996.
Matèries:
Etiquetes: Afegir etiqueta
Sense etiquetes, Sigues el primer a etiquetar aquest registre!

MARC

LEADER 00000nam a2200000 a 4500
001 UCL7866
003 CL-VaPUC
005 20220822114519.0
008 220623t1996 ||||| |||| 00| 0 eng d
999 |c 436267  |d 436265 
020 |a 84-8155-169-4 
040 |c Pontificia Universidad Católica de Valparaíso 
082 7 |a 340.1 GAL 1996  |2 22 
100 |a Gallego, Elio-Alfonso  |e autor  |9 554482 
245 |a Tradición jurídica y derecho subjetivo. 
260 |a Madrid, España:  |b Dykinson,   |c 1996. 
300 |a 158 páginas.  
500 |a c.1 Donación Familia Prof. Alejandro Guzmán Brito. 
583 |a last modification  |c 20040604 00:00:00  |k Cristina María Rojas Aguilar 
650 0 |a Filosofía del derecho   |9 255050 
650 0 |a Teoría jurídica  |9 345880 
650 0 |a Normas jurídicas  |9 258310 
942 |c BK  |2 ddc  |n 0 
952 |0 0  |1 0  |2 ddc  |4 0  |6 340_100000000000000_GAL_1996  |7 0  |8 C_AGB  |9 583997  |a BIBDER  |b BIBDER  |d 2022-06-23  |e Donación   |i 5652068  |o 340.1 GAL 1996  |p 5652068  |r 2023-01-25  |t 1  |w 2022-06-23  |y BK_US  |k AGB